Statistiken für Bayer 04 Leverkusen Meister Quiz #9

Klicken Sie hier um das Quiz zu spielen!

Allgemein

  • Dieses Quiz wurde 28 mal gespielt
    (5 seit der letzten Aktualisierung)
  • Das Durchschnittsergebnis liegt bei 3 aus 6

Antwortstatistiken

GTFußball-Club% Korrekt
8SV Werder Bremen
100%
8Eintracht Frankfurt
50%
7SV Darmstadt 1898
50%
9VfL Bochum
50%
61. FC Heidenheim
25%
6RB Leipzig
25%

Verteilung der Resultate

Perzentil nach korrekt beantworteten Fragen

Anzahl Personen mit jedem Resultat

Ihre Resultats-Entwicklung

Sie haben dieses Quiz seit der letzten Aktualisierung nicht gespielt